000 00382pab a2200157 454500
008 180718b2001 xxu||||| |||| 00| 0 eng d
100 _aJoshi, Sneha
245 _aEmpowering women for educational management
260 _c2001
300 _ap.2-4
362 _a22 Jan
650 _aWomen executives
700 _aPushpanadham, K.
773 _aUniversity News
909 _a47469
999 _c47469
_d47469